00699cam a22002173a 450000100060000000300060000600500170001200800410002904000150007004200070008505000070009210000310009924501160013026000290024650600300027551600200030565300370032565300480036283000290041085600420043925115PGUSA20140828083535.0080421s2008||||xxu|||||s|||||000 | eng d aPGUSAbeng adc 4aHD1 aBurritt, Elihu,d1810-187912aA Journal of a Visit of Three Days to Skibbereen, and its Neighbourhoodh[electronic resource] /cElihu Burritt bProject Gutenberg,c2008 aPublic domain in the USA. aElectronic text aFamines -- Ireland -- Skibbereen aSkibbereen (Ireland) -- Economic conditions 0aProject Gutenbergv2511540uhttp://www.gutenberg.org/ebooks/25115